Регионална библиотека "Любен Каравелов" - Русе

Бяла Черква (Запис номер 189716)

MARC детайли
000 -Лидер
Контролно поле с фиксирана дължина 01442nam a2200361 c 4500
003 - Код на организацията, давaща контролен номер
Контролно поле BLK
005 - Дата и час на последна редакция
Контролно поле 20200825134348.0
008 - Елементи от данни с фиксирана дължина
fixed length control field 180411b bul|||||r ||||||| ||bul||
010 ## - Наследен системен номер
LC control number KNG00198762000
040 ## - Източник на каталожния запис
Идентификатор на билиотеката - собственик на записа BLK
041 ## - Код за език
Код за езика на текст/звукозапис или на отделно заглавие Български
Код за езика КДБФ Български
080 ## - УДК
Текстов определител УДК География на България
УДК код - определител по УДК 913(497.2)
УДК определител -4
УДК - код + определител 913(497.2)-4
080 ## - УДК
Текстов определител УДК Краезнание
УДК код - определител по УДК 908
УДК определител (497.2-21)-4
УДК - код + определител 908(497.2-21)-4
100 1# - Редна дума - Автор
Автор Събев, Вичо
Авторска отговорност първи автор
R(LIN) 344937
139 ## - Редно поле
Редна дума Събев, Вичо
Авторски знак Съ - С 96
245 10 - Сведения за заглавието
Заглавие Бяла Черква
Подзаглавни данни Краеведски очерк с турист. маршрути
Редно поле (дума) Вичо Събев.
257 ## - Страна на издаване
Страна на създаване/издаване България
260 ## - Област на издателските данни
Място на издаване, разпространение и проч. София
Име на издателя, разпространителя и проч. Медицина и физкултура
Година на издаване 1983
Печатница В. Търново : Д. Найденов
300 ## - Физическа характеристика
Страници 48 с.
Илюстрации и др. с ил.
Размери/Мащаб 17 см
380 ## - Жанр
Жанр География
490 ## - СЕРИИ (Колекции)
Име на серия Малка туристическа библиотека
9 (RLIN) 203062
500 ## - Общи забележки
Забележка Пълното име на авт. е Вичо Събев Панев. - 2 900 тир.
650 #4 - Допълнително описание по предмет – тема
Основно описание – тема или топоним Градове, български
9 (RLIN) 264012
650 #4 - Допълнително описание по предмет – тема
Основно описание – тема или топоним Туристически маршрути - България
9 (RLIN) 264994
651 #4 - Допълнително описание по предмет - топоним
Географско понятие България
9 (RLIN) 241624
653 ## - Ключова дума – ненормативна
Ключова дума Бяла черква
653 ## - Ключова дума – ненормативна
Ключова дума туристически маршрути
852 ## - Местоположение
Форматна сигнатура Цб І 20539
856 4# - Електронен адрес и достъп
Електронен формат pdf - файл
856 4# - Електронен адрес и достъп
Електронен формат pdf - файл
999 ## - СИСТЕМНИ КОНТРОЛНИ НОМЕРА
Koha biblionumber 189716
Koha biblioitemnumber 189716
942 ## - АРТИКУЛИ
Вид на библиотечния материал Книги
Скрит в OPAC Не
Периодичен библиозапис Да
944 ## - СЪЗДАВАНЕ И РЕДАКЦИЯ на ЗАПИСА
Създаване/Редакция Създаване
Дата на регистрацията/редакция 28.12.2016
Служител, извършил регистрацията/редакцията Елиз_Шакирова
944 ## - СЪЗДАВАНЕ И РЕДАКЦИЯ на ЗАПИСА
Създаване/Редакция Редакция
Дата на регистрацията/редакция 28.12.2016
Служител, извършил регистрацията/редакцията Елиз_Шакирова
999 ## - СИСТЕМНИ КОНТРОЛНИ НОМЕРА
Koha biblioitemnumber 189716
Наличности
Код за отписване Код за изгубен артикул Източник на класификационната схема Код за повреда Коз за рестрикции Код за отдаване Артикулен № Име на библиотеката - собственик Име на библиотеката, в която се намира в момента Статус (Текущо местоположение) Дата на вписване в системата Местоположение - отдел Цена в лева Инвентарен номер Систематично азбучна сигнатура Баркод Номер на екземпляра Цена в евро Служебна бележка Служебен тип на артикула
  Не е изгубен Universal Decimal Classification Не е повреден без рестрикции ползва се в читалня 333904 Регионална библиотека "Любен Каравелов" Русе Регионална библиотека "Любен Каравелов" Русе Хранилище 1983-01-01 Хранилище 0.26 380768 Цб І 20539 120000380768 1 0.13 Дост: Dp Вид: Д N: стар фонд Дата: 01.01.1983 Книги
Изтеглен Не е изгубен Universal Decimal Classification Не е повреден без рестрикции заемане за дома 333905 Регионална библиотека "Любен Каравелов" Русе Регионална библиотека "Любен Каравелов" Русе Заемна - подръчен фонд 1983-01-01 Заемна - подръчен фонд 0.26 380137 П 914.972/С 96 380137 2 0.13 Дост: Pk Вид: Ф N: стар фонд Дата: 01.01.1983 Дата инв: 15.02.2018 Бележки инв: П2018 Книги
Изтеглен Не е изгубен Universal Decimal Classification Не е повреден без рестрикции заемане за дома 333906 Регионална библиотека "Любен Каравелов" Русе Регионална библиотека "Любен Каравелов" Русе Заемна - подръчен фонд 1983-01-01 Заемна - подръчен фонд 0.26 380138 П 914.972/С 96 380138 3 0.13 Дост: Pk Вид: Ф N: стар фонд Дата: 01.01.1983 Книги
Vip Innovations Ltd, Rousse, Bulgaria 2025